00540nam a2200205Ia 4500003000400000005001700004008004100021020002200062040000700084041000800091082002200099100002000121245007300141250000600214260004300220300001800263365001300281650001500294650002500309OSt20230622120137.0210423s2012 xx 000 0 und d a978-81-317-5452-8 cAL aeng a657.48 223bGUPF aGUPTA (Ambrish) aFinancial accounting for management: an analytical perspectives Ed 4 a4 aDelhibPearson Education Pvt Ltdc2012 axxxix,964bPB b555cINR aAccounting aFinancial Accounting